| 000 | 00724nam a22001937a 4500 | ||
|---|---|---|---|
| 005 | 20251108170954.0 | ||
| 008 | 250721s9999 xx 000 0 ara d | ||
| 082 | 1 | 4 | _a657.48/عمر |
| 100 | 1 | _aزيد، عمر عبد الله | |
| 245 | 1 | 0 | _aالأطار التاريخي والنظري للمحاسبة المالية في المجتمع الإسلامي / |
| 250 | _aط2 طبعة مزيدة ومنقحة | ||
| 264 | 1 |
_aعمان : _bدار البشير للنشر والتوزيع، _c[19-]. |
|
| 300 | _a348ص | ||
| 490 | 0 | _aسلسلة مراجع المحاسبين والمراجعين ، 1 | |
| 650 | 1 | 7 | _aالمحاسبة |
| 650 | 1 | 7 | _aالمحاسبة الإسلامية |
| 942 |
_2ddc _cBK |
||
| 999 |
_c53374 _d53374 |
||